00674nam a2200169Ia 450000500170000000800410001702000180005808200200007610000210009624500410011726000310015830000130018965000370020294200070023999900190024695202390026520250320140041.0231217s9999 xx 000 0 und d a9788177224634 a658.5 STA;1 R aStarr, Martin K. 0aProduction and operations management c2004bBiztantraaNew Delhi axix, 852 aProduction,operations,management cAA c185187d185187 r2024-01-26 00:00:00l0o658.5 STA;1 Rp58635W20utal/contents/58635.pdfv319.20w2024-01-26yAA1040708CL00K0910/1823L11/03/2014aMLbMLcCLd2010-03-05eSurya Infotainment Products Pvt. Ltd.g399.00EMBAGRSF1V79.8URupees